| 000 | 00000nam##2200000za#4500 |
| 001 | 9.567670 |
| 003 | CaOODSP |
| 005 | 20210624180905 |
| 007 | cr ||||||||||| |
| 008 | 150406|1998||||xxc|||||o f|0| 0 eng|d |
| 040 | |aCaOODSP|beng |
| 043 | |an-cn--- |
| 086 | 1 |aBT31-2/1999-III-78E-PDF |
| 110 | 1 |aCanada. |bTreasury Board. |
| 245 | 10|aCivil Aviation Tribunal, 1998–99 estimates, a report on plans and priorities |h[electronic resource] |
| 260 | |bTreasury Board of Canada Secretariat |c[1998]. |
| 300 | |a14p.|borganization chart, tables, index |
| 490 | 1 |a1998-99 estimates. Part III, Report on plans and priorities |v1998-99 |
| 590 | |a10-12-Supp|b2010-11-18 |
| 775 | 08|tTribunal de l'aviation civile, budget principal des dépenses 1998–1999, un rapport sur les plans et les priorités |w(CaOODSP)9.599000 |
| 776 | 0#|tCivil Aviation Tribunal |w(CaOODSP)9.530384 |
| 776 | 0#|tTribunal de l'aviation civile |w(CaOODSP)9.530385 |
| 830 | #0|a1998-99 estimates. Part III, Report on plans and priorities ;|v1998-99|w(CaOODSP)9.505714 |
| 856 | 40|ahttp://publications.gc.ca|qPDF|s38 KB|uhttps://publications.gc.ca/collections/Collection/BT31-2-1999-III-78E.pdf|y1998-99 |